000 00583nam a2200217 a 4500
999 _c8405
_d8405
001 8405
003 BD-JhCC
005 20180222182438.0
008 180222s1968 uk |||| |||| 000 0 eng d
035 _a(BD-JhCC)8405
040 _aBD-JhCC
_dBD-JhCC
041 _aeng
082 _a968
_bDYR 1968
100 _aDyer, Martyn
245 _aThe unsolved problem :
_bSouthern Africa /
_cMartyn Dyer,
260 _aLondon :
_bFaber and Faber,
_c1968
300 _a120 p. :
_bill. ;
_c19 cm.
504 _aIncludes index and bibliography.
651 _aAfrica, Southern
942 _2ddc
_cBK